|
|
แสดงรายละเอียดบรรณานุกรม |
|
|
Brief Record
: Get Marc (ISO 2709)
: E-mail record
: |
| LEADER 00000nama 2200000uu 4500 | |||
| 008 040531s2534 th m m a000 0 tha d | |||
| 041 tha | |||
| 050 วจ WA21 ภ184ป 2534 | |||
| 100 ภรต โทนแก้ว ศิริพร ภาณุเรืองรัศมี | |||
| 245 ปัจจัยที่สัมพันธ์กับเจตคติต่อวิชาชีพของนักศึกษาเจ้าพนักงานสาารณสุข (พนักงานอนามัย) 400 | |||
| 246 วิชาชีพนักศึกษา | |||
| 260 ยะลา วิทยาลัยการสาธารณสุขภาคใต้ 2534 | |||
| 300 113 หน้า | |||
| 650 เจ้าพนักงานสาธารณสุข | |||
| 998 2002-09-02 | |||
| 999 ^aใช้งานได้ทุกระบบ | |||
| คุณยังไม่ได้ล็อกอิน คุณสามารถมีกิจกรรมร่วมกับเว็บไซต์ได้ แต่ต้องล็อกอินก่อน :: |
|
| สถานะ | |||||||||
| 1. | งานวิจัย | วจ WA21 ภ184ป 2534 | On Shelf ขอยืม | ||||||
| [แสดง 1/1 รายการ] | |||||||||
| รายการใกล้เคียง หัวเรื่อง [เจ้าพนักงานสาธารณสุข]
|
BibComment |
| คอมเมนท์ทรัพยากรรายการนี้ |
|
|